[Event "POL-ch 52nd"]
[Site "Warsaw"]
[Date "1995.??.??"]
[Round "3"]
[White "Kaminski, Marcin"]
[Black "Jaracz, Pawel"]
[Result "1-0"]
[WhiteElo "2455"]
[BlackElo "2410"]
[Annotator "Bulletin"]
[PlyCount "49"]
[EventDate "1995.02.11"]
[EventType "tourn"]
[EventRounds "17"]
[EventCountry "POL"]
[EventCategory "8"]
[SourceTitle "EXT 1999"]
[Source "ChessBase"]
[SourceDate "1998.11.16"]
[SourceVersion "1"]
[SourceVersionDate "1998.11.16"]
[SourceQuality "1"]

1. e4 d6 2. d4 Nf6 3. Nc3 g6 4. Bg5 Bg7 5. Qd2 h6 6. Bf4 a6 7. Be2 Nc6 8. O-O-O
Ng4 9. Bxg4 Bxg4 10. f3 Bd7 11. Nge2 b5 (11... e5) 12. e5 $1 b4 (12... dxe5 13.
dxe5 Nxe5 14. b3) 13. Ne4 f5 14. exf6 exf6 15. g4 (15. d5 Ne5 16. Bxe5 dxe5 17.
Qxb4 $16) 15... a5 16. N2g3 (16. h4) 16... f5 17. gxf5 gxf5 18. Nh5 Bxd4 19.
Qg2 Qh4 $2 (19... Qe7 20. Nxd6+ $1 cxd6 21. Rhe1 Be5 22. Bxe5 dxe5 23. Qg6+ $18
) 20. Qg6+ Kd8 21. Nxd6 $1 cxd6 22. Qxd6 Rh7 (22... Qxh5 23. Rhe1 Rc8 24. Rxd4
Qf7 25. Bg3 Rg8 26. Bh4+ Rg5 27. Rd5 Rc7 28. f4 Ne7 29. fxg5) 23. Rhg1 $11 Re7
(23... Bxg1 24. Qf8#) 24. Rxd4 $1 Nxd4 25. Qb6+ (25. Qb6+ Ke8 26. Rg8+ Kf7 27.
Qg6#) 1-0

[Event "EU-chT (Men) 10th"]
[Site "Debrecen"]
[Date "1992.11.??"]
[Round "6.2"]
[White "Kveinys, Aloyzas"]
[Black "Chernin, Alexander"]
[Result "0-1"]
[WhiteElo "2485"]
[BlackElo "2620"]
[Annotator "Bulletin"]
[PlyCount "56"]
[EventDate "1992.11.20"]
[EventType "team-swiss"]
[EventRounds "9"]
[EventCountry "HUN"]
[SourceTitle "EU-chT"]
[Source "ChessBase"]
[SourceDate "1999.07.01"]
[SourceVersion "2"]
[SourceVersionDate "1999.07.01"]
[SourceQuality "1"]
[WhiteTeam "Lithuania"]
[BlackTeam "Hungary"]
[WhiteTeamCountry "LTU"]
[BlackTeamCountry "HUN"]

1. e4 d6 2. d4 Nf6 3. Nc3 g6 4. Bc4 Bg7 5. Qe2 c6 6. e5 dxe5 7. dxe5 Nd5 8. Bd2
Be6 9. O-O-O Nd7 10. f4 N7b6 11. Bb3 Nxc3 $5 (11... a5) 12. Bxc3 Qc8 13. Nf3
Bxb3 14. axb3 Qg4 15. g3 O-O $10 16. h3 Qxg3 17. Bd2 Rad8 18. Rdf1 Rxd2 19.
Nxd2 Nd5 20. Ne4 Qh4 21. Qf2 Qxf2 22. Rxf2 Bh6 23. Rhf1 Ne3 24. Rg1 Nd5 25. Ng5
f6 26. exf6 exf6 27. Ne6 Re8 28. Re2 Nxf4 0-1

[Event "EU-chT (Men) 10th"]
[Site "Debrecen"]
[Date "1992.11.??"]
[Round "8.4"]
[White "Rasik, Vitezslav"]
[Black "Nijboer, Friso"]
[Result "0-1"]
[WhiteElo "2370"]
[BlackElo "2455"]
[Annotator "Bulletin"]
[PlyCount "106"]
[EventDate "1992.11.20"]
[EventType "team-swiss"]
[EventRounds "9"]
[EventCountry "HUN"]
[SourceTitle "EU-chT"]
[Source "ChessBase"]
[SourceDate "1999.07.01"]
[SourceVersion "2"]
[SourceVersionDate "1999.07.01"]
[SourceQuality "1"]
[WhiteTeam "Czechoslovakia"]
[BlackTeam "Netherlands"]
[WhiteTeamCountry "CSR"]
[BlackTeamCountry "NED"]

1. e4 d6 2. d4 g6 3. Nc3 Bg7 4. Be3 c6 5. Qd2 Nf6 6. Bh6 Bxh6 7. Qxh6 Qa5 8.
Bd3 c5 9. Nge2 cxd4 10. Nxd4 Qb6 11. O-O-O Nc6 12. Bb5 Bd7 13. Nd5 Nxd5 14.
exd5 Nxd4 15. Qg7 Rf8 16. Bxd7+ Kxd7 17. Qxd4 (17. Rxd4 $4 Rg8 $19) 17... Qxd4
18. Rxd4 e5 19. dxe6+ fxe6 $10 20. Rhd1 d5 21. R1d2 Rac8 22. b3 Kd6 23. Kb2 g5
24. h4 h6 25. hxg5 hxg5 26. c4 Rf5 27. cxd5 Rxd5 28. Rxd5+ exd5 29. Rc2 Rf8 30.
Kc3 a5 31. Kd4 b5 32. Re2 Rf4+ 33. Kd3 a4 34. bxa4 Rxa4 35. Rc2 g4 36. f3 Ra3+
37. Ke2 g3 38. Rb2 Ke5 39. Rxb5 Rxa2+ 40. Ke3 Rxg2 41. f4+ Kd6 42. Kf3 Rg1 43.
Rb6+ Kc5 44. Rg6 Rf1+ 45. Ke2 Rf2+ 46. Ke1 Rf3 47. Ke2 Ra3 48. Kf1 d4 49. Kg2
d3 50. Rxg3 Kd4 51. Rg8 d2 52. Rd8+ Ke3 53. Kg3 Rd3 0-1

[Event "Hoogovens"]
[Site "Wijk aan Zee"]
[Date "1977.01.16"]
[Round "3"]
[White "Miles, Anthony John"]
[Black "Bohm, Hans"]
[Result "1/2-1/2"]
[WhiteElo "2555"]
[BlackElo "2445"]
[Annotator "Bulletin"]
[PlyCount "213"]
[EventDate "1977.01.14"]
[EventType "tourn"]
[EventRounds "11"]
[EventCountry "NED"]
[EventCategory "11"]
[SourceTitle "MCL"]
[Source "ChessBase"]
[SourceDate "1999.07.01"]
[SourceVersion "1"]
[SourceVersionDate "1999.07.01"]
[SourceQuality "1"]

1. Nf3 d6 2. d4 Bg4 3. e4 Nf6 4. h3 Bh5 5. Nc3 c6 6. Bd3 Bxf3 7. Qxf3 Nbd7 8.
Qe2 e5 9. dxe5 dxe5 10. a4 Bb4 11. O-O O-O 12. Bc4 a5 13. Rd1 Qe7 14. Bg5 $6
Bxc3 15. bxc3 Nc5 $17 16. f3 Rfd8 17. Bb3 Rxd1+ 18. Rxd1 Rd8 19. Be3 Rxd1+ 20.
Qxd1 h6 21. Kf2 Nfd7 22. Ke2 Ne6 23. Bxe6 Qxe6 24. Qd3 Kf8 $6 25. Bb6 $5 Ke8
26. Bxa5 Qa2 27. Bc7 (27. Bb4 c5) 27... Qxa4 28. f4 $2 (28. Bd6) 28... exf4 29.
e5 Qb5 30. c4 Qc5 31. Bd6 Qg1 32. Qe4 Nf8 $2 (32... Nb6 $1 $17) 33. Bxf8 Kxf8
34. e6 fxe6 35. Qxf4+ Kg8 36. Qe4 Kf7 37. Qf4+ Kg8 38. Qg4 Kh8 39. Qg6 Qh2 40.
Qxe6 Qxg2+ 41. Kd3 Qf3+ 42. Kd2 Kh7 43. Qd7 c5 44. Qe6 Qf4+ 45. Kd1 h5 46. c3
Qf6 47. Qe4+ Qg6 48. Qf3 b6 49. Kc1 Kh6 50. Kb2 Qe6 51. Qf4+ Kh7 52. Qf3 Kh6
53. Qf4+ g5 54. Qd2 h4 55. Qd3 Kg7 56. Qd2 Kg6 57. Qd3+ Kh6 58. Qf3 Kg7 59. Qd3
Kf6 60. Ka3 Qf5 61. Qd6+ Kf7 62. Qc7+ Kg6 63. Qc6+ Qf6 64. Qe4+ Kg7 65. Kb3 Qd6
66. Qf5 Kh6 67. Qe4 Qd1+ 68. Ka3 Qd7 69. Qe3 Qf7 70. Qe4 Qf6 71. Kb3 Qg6 72.
Qe3 Qf5 73. Ka3 Qd7 74. Qf3 Qe6 75. Kb2 Kg6 76. Qd3+ Kf6 77. Ka3 Qc6 78. Kb3
Qc8 79. Kb2 g4 80. Qd6+ Qe6 81. Qf4+ Qf5 82. Qh6+ Kf7 83. hxg4 Qxg4 84. Kb3 Qe4
85. Qd6 Qe6 86. Qf4+ Qf6 87. Qe4 Kg7 88. Qg2+ Kh6 89. Qd2+ Kg6 90. Qg2+ Kh7 91.
Qe4+ Kh6 92. Qe3+ Kg7 93. Qe4 Qf2 94. Qe6 Qg3 95. Qxb6 Qe3 96. Qc7+ Kg6 97.
Qd6+ Kg5 98. Qd5+ Kf4 99. Qd6+ Kf3 100. Qh2 Qf2 101. Qh3+ Ke2 102. Qg4+ Kd2
103. Qg5+ Qe3 104. Qg2+ Qe2 105. Qg5+ Qe3 106. Qg2+ Qe2 107. Qg5+ 1/2-1/2

[Event "EU-chT (Men) 10th"]
[Site "Debrecen"]
[Date "1992.11.??"]
[Round "4.1"]
[White "Smirin, Ilia"]
[Black "Bologan, Viktor"]
[Result "1-0"]
[WhiteElo "2545"]
[BlackElo "2585"]
[Annotator "Bulletin"]
[PlyCount "119"]
[EventDate "1992.11.20"]
[EventType "team-swiss"]
[EventRounds "9"]
[EventCountry "HUN"]
[SourceTitle "EU-chT"]
[Source "ChessBase"]
[SourceDate "1999.07.01"]
[SourceVersion "2"]
[SourceVersionDate "1999.07.01"]
[SourceQuality "1"]
[WhiteTeam "Israel"]
[BlackTeam "Moldova"]
[WhiteTeamCountry "ISR"]
[BlackTeamCountry "MDA"]

1. e4 d6 2. d4 Nf6 3. Bd3 e5 4. c3 Nc6 5. Nf3 g6 6. O-O Bg7 7. h3 O-O 8. Re1 h6
9. Na3 $5 Nh5 10. Be3 a6 11. Kh2 Qf6 12. Bf1 $1 exd4 $6 (12... Nf4 13. g3) (
12... Bd7 $142) 13. cxd4 Re8 14. Qc2 g5 15. Nc4 $8 Qg6 $2 (15... g4 16. e5 dxe5
17. dxe5 Qe7 18. hxg4 Bxg4 19. Qe4 f5 $8 (19... Bxf3 20. Qxf3 Qh4+ 21. Kg1 Nxe5
22. Nxe5 Rxe5 23. Qxb7 $18) 20. Qd5+ Kh7 $132 {><e5}) 16. d5 Nb4 17. Qd2 (17.
Qa4 b5 18. Qxb4 bxc4) 17... a5 (17... b5 18. Na5 $1 Rxe4 19. a3 $18) 18. a3 Na6
19. Bd3 Qf6 {/\ g4} 20. Bc2 $1 Nf4 21. Bd4 Qg6 22. Bxg7 Qxg7 23. e5 (23. Nxa5
Qxb2 24. e5 $1 $18) 23... dxe5 24. Rxe5 Bd7 25. Rae1 a4 26. d6 $1 Red8 $8 27.
Re7 $2 (27. h4 $1 cxd6 28. Nxd6 Bc6 29. hxg5 $18) 27... Be6 $1 $8 28. R1xe6
Nxe6 29. Nfe5 Rxd6 30. Qe3 $1 Rf8 31. Nxd6 cxd6 32. Nxf7 (32. Nd7 Nac5 $1 $13 (
32... Rc8 $2 33. Qf3 $1 Nac5 (33... Rxc2 34. Re8+ Kh7 35. Qf5+ Qg6 36. Nf6+ Kg7
37. Rg8#) 34. Bh7+ $1 Kxh7 35. Rxf7 Nxd7 36. Qf5+ $18)) 32... Nac5 33. Bf5 $8
Rxf7 34. Bxe6 Nxe6 35. Qxe6 Qe5+ $2 (35... Qf6 $142 36. Qxf6 Rxf6 37. Kg3 $14)
36. Kg1 $1 Qxe6 37. Rxe6 $18 Kg7 38. Rxd6 Rc7 39. Rb6 Rc1+ 40. Kh2 Rc7 41. Kg3
Rc2 42. Rxb7+ Kg6 43. Kf3 h5 44. g3 Kf6 45. Rb4 Kg6 46. h4 g4+ 47. Ke3 Kf6 48.
Rb6+ Kg7 49. Rb5 Kg6 50. Rb4 Kf6 51. Rxa4 Rxb2 52. Rf4+ Ke5 53. a4 Rb3+ 54. Kd2
Ra3 55. Kc2 Ke6 56. Kb2 Rd3 57. a5 Rd5 58. Ra4 Rf5 59. Kc3 Rxf2 60. a6 1-0

[Event "Porz Citroen-Cup"]
[Site "Cologne"]
[Date "1992.??.??"]
[Round "6"]
[White "Morawietz, Dieter"]
[Black "Lau, Ralf"]
[Result "1/2-1/2"]
[WhiteElo "2320"]
[BlackElo "2520"]
[Annotator "Bulletin"]
[PlyCount "82"]
[EventDate "1992.08.??"]
[EventType "tourn"]
[EventRounds "9"]
[EventCountry "GER"]
[EventCategory "9"]
[SourceTitle "CBM 031"]
[Source "ChessBase"]
[SourceDate "1992.12.01"]
[SourceVersion "1"]
[SourceVersionDate "1992.12.01"]
[SourceQuality "1"]

1. e4 d6 2. d4 g6 3. Nf3 Nf6 4. Bd3 Bg7 5. O-O O-O 6. h3 Nc6 7. c3 Re8 8. Nbd2
(8. b4 e5 9. b5 Na5 10. dxe5 dxe5) 8... a6 9. Re1 Nd7 (9... e5 10. dxe5 Nxe5
11. Nxe5 dxe5 12. Nc4 $14) 10. Nf1 e5 11. Bg5 Bf6 (11... f6 12. Be3 Nb6 $14)
12. Be3 Qe7 13. Rc1 Nf8 14. a3 (14. d5 Nb8 15. b4 $14) 14... Bg7 15. Ng3 h6 16.
d5 Nd8 17. b4 Nd7 18. Nd2 Kh7 19. Nb3 b6 20. Qe2 Bb7 21. a4 Bf6 22. c4 (22. a5
b5 23. c4 $16) 22... c5 23. a5 cxb4 (23... bxa5 24. bxc5 Nxc5 25. Bxc5 dxc5 26.
Nxa5 $16) 24. axb6 Bg5 25. Na5 Rc8 26. Ra1 (26. Rb1 Bxe3 27. Qxe3 Rc5 28. Nxb7
Nxb7 29. Rxb4 $16) 26... Bxe3 27. Qxe3 Rc5 28. Reb1 Nxb6 29. Rxb4 Nc8 30. Nb3 (
30. Nxb7 Nxb7 31. Rxa6 $16) 30... Rc7 31. Ra5 h5 32. c5 dxc5 33. Nxc5 Nd6 34.
Bxa6 Bxa6 35. Rxa6 Nc8 36. Rb5 (36. Nf5 $1 gxf5 (36... Qf8 37. d6 Rxc5 38. Qxc5
Ne6 39. Qb5 $18 (39. Qxe5 $2 Nc7) 39... Rd8 40. Qxe5 gxf5 41. Qxf5+ Kg8 42. e5)
37. Rh6+ Kg7 (37... Kg8 38. Qg3+ $18) 38. exf5 f6 39. Qg3+ Kf8 40. Rh8+ Kf7 41.
Qg6#) 36... Nd6 37. Rbb6 $2 Nc4 38. d6 Nxe3 39. dxe7 Rexe7 40. Nd3 Nc4 41. Rb5
Nc6 1/2-1/2

[Event "EU-chT (Men) 10th"]
[Site "Debrecen"]
[Date "1992.11.??"]
[Round "3.1"]
[White "Ivanchuk, Vassily"]
[Black "Bologan, Viktor"]
[Result "1-0"]
[WhiteElo "2720"]
[BlackElo "2585"]
[Annotator "Bulletin"]
[PlyCount "65"]
[EventDate "1992.11.20"]
[EventType "team-swiss"]
[EventRounds "9"]
[EventCountry "HUN"]
[SourceTitle "EU-chT"]
[Source "ChessBase"]
[SourceDate "1999.07.01"]
[SourceVersion "2"]
[SourceVersionDate "1999.07.01"]
[SourceQuality "1"]
[WhiteTeam "Ukraine"]
[BlackTeam "Moldova"]
[WhiteTeamCountry "UKR"]
[BlackTeamCountry "MDA"]

1. e4 d6 2. d4 Nf6 3. Bd3 e5 4. c3 Nc6 5. Nf3 g6 6. O-O Bg7 7. h3 O-O 8. Re1 a6
9. Bc2 (9. Nbd2 $6 Nh5 $1) (9. Na3 $5) 9... h6 (9... b5 10. Nbd2 (10. a4 $5 Bb7
11. d5 Ne7 12. b3 {/\ c4+/=}) 10... Bb7 11. d5 (11. Nf1 exd4 12. cxd4 Nb4 13.
Bb1 (13. Bb3 a5 $5) 13... c5 $13) (11. Nb3 $5 {/\ d5}) 11... Ne7 12. b3 c6 13.
c4 $14 {/\} cxd5 14. cxd5 Nfxd5 15. exd5 e4 16. Nxe4 Bxa1 17. Bg5 $1 $40) 10.
Nbd2 Nh7 11. Nf1 exd4 (11... Ng5 12. Nxg5 hxg5 13. d5 Nb8 14. Nh2 $16) 12. cxd4
Ng5 13. N1h2 Nxf3+ (13... f5 14. Nxg5 $1 hxg5 15. Bb3+ (15. exf5 $5 {/\} Bxf5
16. Bb3+) 15... Kh8 16. exf5 Bxf5 17. Be3 $16) (13... Re8 14. Bxg5 $1 hxg5 15.
Qd2 Qf6 16. Rad1 Qf4 17. Re3 $16) 14. Nxf3 Nb4 (14... f5 15. d5 $16) 15. Bb3 c5
(15... d5 16. Ne5 $1 $16) 16. Be3 b6 17. a3 (17. Qd2 Kh7 18. Rad1 Bb7 19. Bf4
f5 $5 $13) 17... Nc6 18. Bd5 Bb7 19. b4 cxb4 20. axb4 Qd7 (20... Rc8 $5) 21.
Qd2 Kh7 22. Bxc6 Qxc6 23. d5 Qd7 (23... Qc3 24. Rac1 $16) 24. Bd4 f5 25. Bxg7
Qxg7 26. Nd4 Qf6 27. Ra3 fxe4 28. Ne6 Rf7 29. Rxe4 g5 30. Rf3 Qg6 31. Rxf7+
Qxf7 32. Nxg5+ hxg5 33. Qxg5 1-0

[Event "EU-chT (Men) 10th"]
[Site "Debrecen"]
[Date "1992.11.??"]
[Round "4.3"]
[White "Adams, Michael"]
[Black "Van Wely, Loek"]
[Result "1-0"]
[WhiteElo "2620"]
[BlackElo "2560"]
[Annotator "Bulletin"]
[PlyCount "87"]
[EventDate "1992.11.20"]
[EventType "team-swiss"]
[EventRounds "9"]
[EventCountry "HUN"]
[SourceTitle "EU-chT"]
[Source "ChessBase"]
[SourceDate "1999.07.01"]
[SourceVersion "2"]
[SourceVersionDate "1999.07.01"]
[SourceQuality "1"]
[WhiteTeam "England"]
[BlackTeam "Netherlands"]
[WhiteTeamCountry "ENG"]
[BlackTeamCountry "NED"]

1. e4 d6 2. d4 Nf6 3. Nc3 g6 4. Be3 Bg7 5. Qd2 c6 6. Bh6 Bxh6 7. Qxh6 Qa5 8.
Bd3 c5 (8... Qb4 9. Nge2 Qxb2 10. O-O $44) (8... Na6 $6) 9. d5 (9. dxc5) 9...
Nbd7 10. Nf3 b5 (10... Ne5 11. Nxe5 dxe5 12. O-O $16) 11. O-O (11. Bxb5 Rb8 12.
a4 a6 13. Bxd7+ Bxd7 14. Qd2 Rxb2 $13) 11... c4 12. Be2 b4 13. Nd1 Qc5 (13...
Ba6 14. Ne3 Qc5 15. a3 $16) (13... Nxe4 14. Bxc4 $14) 14. Ne3 c3 15. bxc3 Qxc3
16. Ng5 (16. Qh4 $13) (16. Qh4 $13) 16... Ng8 17. Qh4 h6 18. Nf3 (18. e5 $1
Qxe5 19. Nf3 Qc3 $15) 18... g5 19. Qg3 Ndf6 (19... Ngf6 $142) 20. Bb5+ Kf8 21.
h3 Nxe4 22. Qh2 Ngf6 (22... h5 23. Bd3 Ngf6) 23. Rfe1 Rb8 24. Bd3 Qc5 (24...
Bd7) 25. Bxe4 Nxe4 26. Rad1 Nc3 (26... f5 $5) 27. Rd2 Nb5 (27... Nxa2 $5) (
27... Rb6 $5 {/\ e5}) 28. Rd3 Rg8 29. Nd2 Rg6 30. h4 g4 31. Ne4 (31. h5 g3 32.
fxg3 Rg4) 31... g3 32. Nxg3 Nc3 33. h5 Rg5 34. Qh4 (34. Kh1 { f4}) (34. Kh1 {
/\ f4}) 34... Kg7 (34... Rb7 $142) 35. Kh2 {/\f4} (35. f4 Rg4) 35... Nxd5 (
35... e5 36. dxe6 Bxe6 37. f4 Rxg3 38. Qxg3+ Kh7 $16) 36. Ne4 Nxe3 37. Nxc5
Nxg2 38. Qd4+ e5 39. Qxd6 Rb6 40. Rxe5 Rxd6 41. Rxg5+ hxg5 42. Rxd6 Ne1 (42...
Nf4 43. h6+ Kh7 44. Rf6) 43. h6+ Kh7 44. Ne4 1-0

[Event "Hoogovens"]
[Site "Wijk aan Zee"]
[Date "1984.01.15"]
[Round "3"]
[White "Huebner, Robert"]
[Black "Van der Sterren, Paul"]
[Result "1-0"]
[WhiteElo "2620"]
[BlackElo "2475"]
[Annotator "Bulletin"]
[PlyCount "54"]
[EventDate "1984.01.13"]
[EventType "tourn"]
[EventRounds "13"]
[EventCountry "NED"]
[EventCategory "13"]
[SourceTitle "MCL"]
[Source "ChessBase"]
[SourceDate "1999.07.01"]
[SourceVersion "1"]
[SourceVersionDate "1999.07.01"]
[SourceQuality "1"]

1. e4 d6 2. d4 Nf6 3. Nc3 g6 4. f3 c6 5. Bg5 b5 6. Qd2 Nbd7 7. Nh3 (7. a4) 7...
h6 8. Be3 Bg7 9. Nf2 Bb7 10. Be2 Qc7 11. O-O a6 12. a4 b4 13. Ncd1 a5 14. c3
bxc3 15. bxc3 $16 Rb8 16. Nb2 h5 17. f4 d5 18. f5 e5 19. fxe6 fxe6 20. Bd3 dxe4
21. Nxe4 Ng4 22. Bf4 e5 23. Bg3 Bh6 24. Qe2 Rf8 25. Nc4 Bf4 26. Bxf4 Rxf4 27.
Rxf4 exf4 1-0

[Event "ROM-chT"]
[Site "Herculane"]
[Date "1996.??.??"]
[Round "?"]
[White "Neamtu, Serban"]
[Black "Cosma, Ioan"]
[Result "1-0"]
[WhiteElo "2300"]
[BlackElo "2470"]
[Annotator "Bulletin"]
[PlyCount "83"]
[EventDate "1996.??.??"]
[EventType "team"]
[EventRounds "5"]
[EventCountry "ROU"]
[SourceTitle "CBM 056 Extra"]
[Source "ChessBase"]
[SourceDate "1997.03.01"]
[SourceVersion "1"]
[SourceVersionDate "1997.03.01"]
[SourceQuality "1"]

1. Nf3 d6 2. d4 Bg4 3. e4 Nf6 4. Nc3 e6 5. Be2 c6 6. O-O d5 7. Ng5 Bxe2 8. Qxe2
h6 9. Nf3 Be7 10. Bf4 O-O 11. Rad1 dxe4 12. Nxe4 Nxe4 13. Qxe4 Qd5 14. Qe3 c5
$4 (14... Qxa2 15. Bxh6 gxh6 16. Qxh6 $18) (14... Nd7) 15. dxc5 Bxc5 (15...
Qxc5 16. Qb3 Qc8 17. Ne5 Nc6 18. Rd7 $16 Nxe5 19. Rxe7 Ng6 20. Rc7) 16. Qc3 Qf5
17. Be5 Rc8 18. Bxg7 Bxf2+ 19. Rxf2 Rxc3 20. Bxc3 Nc6 21. Ne5 Qh5 22. g4 Qh4
23. Nxc6 f5 (23... bxc6 24. Bf6 Qh3 25. Rd3 Qxg4+ 26. Rg2) 24. Ne5 Rd8 25. Rdf1
Kh7 26. Nf3 Qe7 27. gxf5 Rg8+ 28. Kh1 exf5 29. Re1 Qc5 30. Bd4 Qd6 31. c3 Rf8
32. Rfe2 Rf7 33. Kg2 Qd5 34. Kf2 Qxa2 35. b4 Qb3 36. Re8 Qa2+ 37. R1e2 Qb3 38.
Rh8+ Kg6 39. Ne5+ Kh5 40. Nxf7 Qxf7 41. Rhe8 b6 42. R2e6 {...48} 1-0

[Event "Gran Canaria op"]
[Site "Las Palmas"]
[Date "1997.??.??"]
[Round "?"]
[White "Khenkin, Igor"]
[Black "Tischbierek, Raj"]
[Result "0-1"]
[WhiteElo "2550"]
[BlackElo "2515"]
[Annotator "Bulletin"]
[PlyCount "86"]
[EventDate "1997.??.??"]
[EventType "swiss"]
[EventRounds "9"]
[EventCountry "ESP"]
[SourceTitle "EXT 1999"]
[Source "ChessBase"]
[SourceDate "1998.11.16"]
[SourceVersion "1"]
[SourceVersionDate "1998.11.16"]
[SourceQuality "1"]

1. d4 d6 2. e4 Nf6 3. Nc3 g6 4. g3 Bg7 5. Bg2 O-O 6. Nge2 e5 7. h3 Nc6 8. Be3
exd4 9. Nxd4 Bd7 10. O-O Re8 11. Re1 a6 (11... Qc8) 12. a4 Na5 $5 13. g4 $6 (
13. f4 c5 14. Nb3 (14. Nde2 $2 Bc6 15. Qd3 c4) 14... Nxb3 (14... Nc4 15. Bc1
Bc6 16. a5 Qc7 17. Qd3 Bb5 $13) 15. cxb3 Bc6 16. Bf2 Qc7 17. a5 {/\ 17...Rad8
18.b4} Re7 $132 {/\ Rae8 (>< e4)} (17... Rad8 $6 18. b4 $1)) (13. b3 $2 c5 14.
Nde2 Bc6 15. Qd3 Qe7) (13. Qd3 $5 c5 $140 14. Nde2 Bc6 15. Rad1 Qe7 16. Nf4 (
16. f3 d5 $36) 16... Nxe4 $2 17. Nfd5 $18) 13... c5 14. Nde2 $6 (14. Nb3 Nxb3
15. cxb3 Bc6 16. f3 d5 $5 17. Bxc5 Qc7 $1 $44) 14... Bc6 15. Ng3 Nc4 16. Bc1 d5
$1 17. Bf1 $2 (17. exd5 $142 Rxe1+ 18. Qxe1 Nxd5 19. Nxd5 Bxd5 20. c3 $15 {
Khenkin} Bxg2 $140 21. Kxg2 Qd5+ 22. Qe4) 17... d4 $1 $17 (17... b5 $2 18. axb5
axb5 19. Rxa8 Qxa8 20. b3 Nd6 21. exd5 Rxe1 22. Qxe1 Nxd5 23. Nxd5 Bxd5 24. Qe7
$16 {Mowsziszian-Polzin (Berlin 1994)}) 18. Bxc4 (18. Nb1 $142) 18... dxc3 19.
Qf3 Qe7 $1 (19... b5 20. Rd1 $1 (20. axb5 axb5 21. Rxa8 Qxa8 22. g5 (22. Bd3 c4
) (22. Bg5 Bxe4) 22... Bxe4 23. Rxe4 Rxe4 24. Bf1 $1 {Tkachiev} Re8 25. Qxa8
Rxa8 26. gxf6 Bh6 $1 $19 (26... Ra1 27. fxg7 Rxc1 28. bxc3 $11)) 20... Qc8 (
20... Qe7 21. axb5 axb5 22. Rxa8 Rxa8 23. Bd5) (20... Qa5 21. g5) 21. axb5 axb5
22. Rxa8 Qxa8 23. Bd5 Nxd5 24. exd5 cxb2 25. Bxb2 Bxd5 26. Qxd5 $11) 20. Qxc3 (
20. Bd3 Nxg4) (20. bxc3 Nxe4) 20... Nxg4 (20... Nxe4 21. Qb3 Qd7 22. Bf4) 21.
Qb3 Ne5 22. Bf1 c4 $1 23. Bxc4 (23. Qe3 Rad8 24. f4 $140 $2 Nd3 25. cxd3 Bd4
$19) 23... Nxc4 24. Qxc4 Rac8 $5 (24... Qh4 25. Ra3 $140 Qxh3 26. Nf5 $4 Qxf5)
25. c3 (25. Qf1 Qh4 $1 {/\ Bd7} (25... h5 26. c3 h4 27. Nh1 $13 Bxe4 $2 28. f3
Qc5+ 29. Be3) 26. c3 f5 $1) (25. Qe2 Qh4 (25... Qd7) 26. Qg4 (26. Kg2 f5 $1 27.
f3 f4 28. Nh1 Bd7 29. Nf2 Bxh3+ 30. Nxh3 Qg3+ $19) 26... Qxg4 27. hxg4 Bd7 $17)
25... Qh4 26. Kh2 (26. Qf1 f5 $1 (26... Bxe4 $2 27. Nxe4 Rxe4 28. Rxe4 Qxe4 29.
Be3 $15) 27. exf5 Rxe1 28. Qxe1 Re8 29. Qf1 (29. Be3 Be5 $1 $19 (29... gxf5 30.
Qe2 Qxh3 31. Qf1 Qg4 32. Bd4 $1)) 29... gxf5 30. Nxf5 Qe4 31. Ng3 Qf3 32. Bg5
h6 33. Bd2 Re2 $19) 26... Qxh3+ $1 $19 (26... Bxe4 $2 27. Rxe4 $1 Rxc4 28.
Rxe8+ Bf8 29. b3 $1 {Khenkin}) 27. Kxh3 Bd7+ 28. Qe6 (28. Kg2 Rxc4 29. a5 Bc6 (
29... f5)) 28... Rxe6 29. Kg2 f5 30. f3 $138 fxe4 (30... Bc6 $142) 31. Rxe4 (
31. fxe4 Bc6) (31. Nxe4 Bc6) 31... Rxe4 32. Nxe4 (32. fxe4 Bc6) 32... Bc6 33.
Bg5 h6 $1 (33... Re8 $2 34. Re1 Bxa4 35. Nf6+ Bxf6 36. Rxe8+ Bxe8 37. Bxf6) 34.
Bh4 g5 35. Bf2 g4 36. Re1 Rf8 37. Nd2 gxf3+ 38. Kg3 Rf5 39. Nc4 Bxa4 40. Kg4
Bd7 41. Nb6 h5+ 42. Kh3 Bb5 43. Nc8 Rg5 0-1

[Event "Zonal Randers Preliminaries A"]
[Site "Randers"]
[Date "1982.01.??"]
[Round "10"]
[White "Herzog, Adolf"]
[Black "Wedberg, Tom Birger"]
[Result "1-0"]
[WhiteElo "2400"]
[BlackElo "2435"]
[Annotator "Bulletin"]
[PlyCount "35"]
[EventDate "1982.01.09"]
[EventType "tourn"]
[EventRounds "11"]
[EventCountry "DEN"]
[EventCategory "7"]
[SourceTitle "MCL"]
[Source "ChessBase"]
[SourceDate "1999.07.01"]
[SourceVersion "1"]
[SourceVersionDate "1999.07.01"]
[SourceQuality "1"]

1. c3 d6 2. d4 g6 3. e4 Bg7 4. f4 Nf6 5. Bd3 O-O 6. Nf3 Nbd7 7. e5 Ng4 (7...
Ne8) 8. Ng5 Nb6 9. O-O f6 10. Nxh7 Kxh7 11. f5 fxe5 12. Qxg4 gxf5 13. Qh5+ Kg8
14. Bh6 Bxh6 15. Qxh6 Rf6 16. Qg5+ Kf8 17. Nd2 Qd7 18. Bxf5 (18. Bxf5 Rxf5 19.
Rxf5+ Qxf5 20. Rf1 $18) 1-0

[Event "BCF-ch"]
[Site "Dundee"]
[Date "1993.??.??"]
[Round "2"]
[White "Cooper, Lawrence"]
[Black "McNab, Colin Anderson"]
[Result "0-1"]
[WhiteElo "2310"]
[BlackElo "2490"]
[Annotator "Bulletin"]
[PlyCount "114"]
[EventDate "1993.08.??"]
[EventType "swiss"]
[EventRounds "11"]
[EventCountry "SCO"]
[SourceTitle "CBM 038"]
[Source "ChessBase"]
[SourceDate "1994.02.01"]
[SourceVersion "1"]
[SourceVersionDate "1994.02.01"]
[SourceQuality "1"]

1. d4 d6 2. e4 g6 3. Nc3 c6 4. Be3 Nf6 5. Qd2 Nbd7 6. Nf3 Qc7 7. Bd3 e5 8. h3
Bg7 9. dxe5 $6 (9. O-O) 9... Nxe5 10. Nxe5 dxe5 11. Bc4 O-O 12. Bc5 $6 (12. O-O
) 12... Rd8 13. Qg5 b6 (13... h6 $2 14. Qxg6) 14. Be3 b5 15. Bb3 b4 16. Ne2 a5
(16... Nxe4 17. Qh4 Nf6 18. Bg5 (18. Qxb4 Nd5 $17) 18... Rd6 $17) 17. Qh4 Ba6
18. Ng3 Rd7 (18... Bb5 $1 19. a4 bxa3 20. Rxa3 a4 21. Ba2 Qa5+ $17) 19. f3 Rad8
20. Kf2 Rd2+ $1 21. Kg1 (21. Bxd2 Rxd2+ 22. Kg1 Qb6+ 23. Kh2 Qf2 24. Rhg1 h6 $1
$19) 21... Rd1+ 22. Rxd1 Rxd1+ 23. Kh2 Rxh1+ 24. Nxh1 c5 25. Qf2 Bf8 26. Ba4
Nh5 27. g3 Ng7 28. Qd2 Ne6 29. c3 c4 30. Nf2 h5 31. h4 Nc5 32. Bd1 Nd3 33. Be2
Bc5 34. Bxd3 cxd3 35. Nd1 Be7 36. Nf2 Qc4 37. f4 exf4 38. Bxf4 Qxa2 39. Be5 Qe6
40. Bd4 Kh7 41. Nxd3 Qxe4 42. Nc5 Bxc5 43. Bxc5 Bb7 44. Kg1 Qh1+ 45. Kf2 Qg2+
46. Ke1 Qxg3+ 47. Bf2 Qe5+ 48. Kd1 bxc3 49. bxc3 a4 50. Bd4 Qe4 51. Qa2 Qh1+
52. Ke2 Ba6+ 53. Ke3 Qh3+ 54. Ke4 Bb7+ 55. Ke5 Qg3+ 56. Kf6 Qd6+ 57. Kg5 f6+
0-1